| 000 | 00452nam a22001697a 4500 | ||
|---|---|---|---|
| 003 | NUST - PNEC | ||
| 005 | 20170116181037.0 | ||
| 008 | 150919b xxu||||| |||| 00| 0 eng d | ||
| 020 | _a0890065071 | ||
| 040 | _cLIBRARY | ||
| 082 | _a621.381537 ROS | ||
| 100 |
_911452 _a Rosen, Arye |
||
| 245 |
_aHigh-power optically activated solid-state switches _cArye Rosen |
||
| 260 | _cc 1994 | ||
| 650 |
_91730 _aPower electronics _xEL, EE |
||
| 942 |
_2ddc _cBK |
||
| 999 |
_c67976 _d67976 |
||